Capitals Without the Letters of “Berlin” - Statistics

General Stats
  • This quiz has been taken 2 times
  • The average score is 6 of 12
Answer Stats
Continents Capitals % Correct
North America Ottawa
100%
Asia Damascus
50%
Asia Dhaka
50%
Africa Dodoma
50%
Asia Doha
50%
Africa Maputo
50%
Europe Moscow
50%
Africa Ouagadougou
50%
Oceania Suva
50%
Asia Tokyo
50%
Europe Vaduz
50%
Asia Muscat
0%
No matching quizzes found
Score Distribution
Percent of People with Each Score
Percentile by Number Answered
Your Score History
You have not taken this quiz